Catálogo
 En Linea

Matemática 2 : (Registro nro. 20295)

Detalles MARC
000 -CABECERA
campo de control de longitud fija 00699nam a2200193 a 4500
001 - NÚMERO DE CONTROL
campo de control 000020791
005 - FECHA Y HORA DE LA ÚLTIMA TRANSACCIÓN
campo de control 20200930011148.0
008 - DATOS DE LONGITUD FIJA--INFORMACIÓN GENERAL
campo de control de longitud fija 100817s1975 ho a r 000 0 spa d
040 ## - FUENTE DE LA CATALOGACIÓN
Centro catalogador/agencia de origen DO-SdBNP
Lengua de catalogación spa
Centro/agencia transcriptor BPJMB
082 ## - NÚMERO DE LA CLASIFICACIÓN DECIMAL DEWEY
Número de clasificación 510.0712
Número de documento/Ítem M425d
245 00 - MENCIÓN DE TÍTULO
Título Matemática 2 :
Resto del título guía para el maestro /
Mención de responsabilidad, etc. Eustogio Zevallos Mojica ...[et al] ; edición Óscar Velásquez.
250 ## - MENCIÓN DE EDICIÓN
Mención de edición 2a ed.
260 ## - PUBLICACIÓN, DISTRIBUCIÓN, ETC.
Lugar de publicación, distribución, etc. República de Honduras :
Nombre del editor, distribuidor, etc. Ministerio de Educación Pública,
Fecha de publicación, distribución, etc. 1975.
300 ## - DESCRIPCIÓN FÍSICA
Extensión 173 p. :
Otras características físicas il. ;
Dimensiones 26 cm.
650 #4 - PUNTO DE ACCESO ADICIONAL DE MATERIA--TÉRMINO DE MATERIA
Término de materia o nombre geográfico como elemento de entrada Matemática
Subdivisión general Enseñanza
9 (RLIN) 30652
650 #4 - PUNTO DE ACCESO ADICIONAL DE MATERIA--TÉRMINO DE MATERIA
Término de materia o nombre geográfico como elemento de entrada Matemáticas
Subdivisión general Enseñanza media
9 (RLIN) 43570
700 1# - PUNTO DE ACCESO ADICIONAL--NOMBRE DE PERSONA
Nombre de persona Velásquez, Óscar,
Término indicativo de función/relación ed.
9 (RLIN) 43571
700 1# - PUNTO DE ACCESO ADICIONAL--NOMBRE DE PERSONA
Nombre de persona Zevallos Mojica, Eustorgio.
9 (RLIN) 43572

No hay ítems disponibles.

Con tecnología Koha